000 00319nam a2200145Ia 4500
100 _aWalton/John /A
650 _aGeneral
942 _cBK
654 _aWoodwork
245 _aWoodwork in Theory & Practice
260 _bAustralasoan Publishing & Co
_c2001
082 _a684.08
300 _a318
546 _aENGLISH
999 _c23819
_d23819